LEADER 00848nam a2200217 i 4500 001 000000161537 003 CaOOAMICUS 005 20070521000000.0 008 070521s1957 it u000 u ita u 013 $a138900 040 $aSeMil$bita 100 1 $aConfalonieri, Carlo .$0(OLS)http://semarc/name/19068 245 10$aPio 11. visto da vicino /$cCarlo Confalonieri. 260 $aTorino :$bS.A.I.E.,$c1957. 300 $a416 p., [22] c. di tav. ;$c21 cm. 600 04$aPio XI .$0(OLS)http://semarc/subject/2399 850 $aSeMil 852 $aSeMil$W1$xVenegono$y1$m3A II 44$j112926$B112926$CSeMilBibl$Z2$F124629 $81 961 $aLascito: Fumagalli don Enrico 996 $6245$aPio 11. visto da vicino$9(OLS)http://semarc/title/56010 996 $6260$aTorino :$bS.A.I.E.$9(OLS)http://semarc/publisher/30038 LEADER 01116nam a2200229 i 4500 001 000000022183 003 CaOOAMICUS 005 20180830125445.0 008 180830s1903 it u000 u ita u 040 $aSeMil$bita 245 10$aOpere del padre Carlo Ambrogio Cattaneo della Compagnia di Gesł. 250 $aNuova edizione diligentemente riveduta. 260 $aMilano :$bOliva e C.,$c1903. 300 $a4 v. ;$c24 cm. 600 14$aCattaneo, Carlo Ambrogio .$0(OLS)http://semarc/subject/3485 700 1 $aCattaneo, Carlo Ambrogio,$d<1646-1705>.$0(OLS)http://semarc/name/2833 774 0 $tLezioni sacre.$g1$w()182268 774 0 $tEsercizio della buona morte.$g2$w()182269 774 0 $tPanegirici ed orazioni funebri ; Discorsi varii ; Meditazioni e considerazioni ; Selva di pensieri, esempi e riflessioni divote.$g3$w()182270 774 0 $tEsercizi spirituali di sant'Ignazio e le massime eterne.$g4$w()182271 996 $6245$aOpere del padre Carlo Ambrogio Cattaneo della Compagnia di Gesł$9(OLS)http://semarc/title/6744 996 $6260$aMilano :$bOliva e C.$9(OLS)http://semarc/publisher/33960